| 000 | 00512nam a22001817a 4500 | ||
|---|---|---|---|
| 999 |
_c532805 _d532805 |
||
| 003 | NUST - | ||
| 005 | 20191203110504.0 | ||
| 008 | 150410b xxu||||| |||| 00| 0 eng d | ||
| 038 | _aMSOHAIL | ||
| 040 | _cLIBRARY | ||
| 082 | _a297.68 YUS | ||
| 100 |
_aYusaf, Mohammad _926360 |
||
| 245 |
_aHayat us Sahaba -Vol-3 _cHazrat Maulana Mohammad Yusaf sahib |
||
| 260 |
_aLahore _bIdara Islamiyat _c2012 |
||
| 300 |
_a1274 p.: _c23 cm. |
||
| 650 |
_aIslam, Sahaba Life, History _xGeneral _926414 |
||
| 942 |
_2ddc _cBK |
||